000 01317dam2a22002771 4500
001 v19\rc\1225961
005 20250618022854.0
035 _a(NLR Aleph) 004450893
090 _a4472642
_c4472642
100 _a20060306d1882 |||y0rusy50 ca
101 0 _arus
102 _aRU
105 _ay z |||||
200 1 _aТворения блаженного Августина епископа Иппонийского
_eЧ. 4
210 _d1882
_aБ. м.
215 _a[4], 327 с.
461 0 _1001v19\rc\1225949
_12001#$aБиблиотека творений св. отцев и учителей церкви западных, издаваемая при Киевской духовной академии$eКн. 1-$vКн. 12$90
_94472587
_cКиев
_d1879-
_oКн. 1-
_tБиблиотека творений св. отцев и учителей церкви западных, издаваемая при Киевской духовной академии
_vКн. 12$90
701 1 _9z12790
_aАвгустин Блаженный
_bА.
_f354-430
_gАврелий
790 0 _9z12701
_aАвгустин
_cеп. Иппонийский
_f354-430
801 0 _aRU
_bNLR
_gpsbo
801 1 _aRU
_bProSoft-M
_2rusmarc
852 _aNLR
_j133/4154
852 _aNLR
_j18.252.2.1
942 _cBOOK
980 _aNB